00730 a2200157 4500003000500000005001700005040000900022082000800031100001600039245001900055260003300074300000800107505040200115538003300517650002200550Nust20170207153418.0 cNust a358 aJohn weeeks aWho Dares Wins aLondonbArmy book clubc1981 a192 aMalaya , 1950-59 the Inauspicious Beginning (Page-20) Borneo 1962-66: The Camouflaged Victory (page-42)South Arabia , 1964-97 The Lost Cause (Page-63) The Mercenaries 1962-78(Page-86) Oman, 1958/89, 1970-76 the Wild Colonial War,(Page-106) The Irish Dimension 1969-(Page-138) War on Your Doorstep(page-162) A Funny Thing Happened on the Way to Everest (Page-182) How to Select an Elite (Page-193)  aAlmirah No.48 and Shelf No.5 aMen acainst tanks